| 000 | 00404pab a2200157 454500 | ||
|---|---|---|---|
| 008 | 180718b2017 xxu||||| |||| 00| 0 eng d | ||
| 100 | _aTiwari, Pankaj Kumar | ||
| 245 | _aSushaasan ek avdhaarna: bhartiya paripekshya | ||
| 260 | _c2017 | ||
| 300 | _ap.306-308. | ||
| 362 | _aJul-Dec | ||
| 650 | _aGood governance - India | ||
| 650 | _aGood governance | ||
| 773 | _aLok Prashasan | ||
| 909 | _a117320 | ||
| 999 |
_c117314 _d117314 |
||